Cube Maze V Quiz Stats

 Plays Quiz Updated Apr 27, 2018

Also try: Cube Maze IV
Challenge
Share
Tweet
Score 0/15 Timer 04:00
10 Plays Today
% Correct
???
100%
???
71.7%
???
61.1%
???
47.9%
???
34.1%
???
21.2%
???
15%
???
12.2%
% Correct
???
11.4%
???
8.6%
???
8.3%
???
8.1%
???
7.8%
???
7.4%
???
7.4%

You're not logged in!

Compare scores with friends on all Sporcle quizzes.
Join for Free
OR
Log In

You Might Also Like...

Show Comments

Extras

Top Quizzes Today


Score Distribution

Your Account Isn't Verified!

In order to create a playlist on Sporcle, you need to verify the email address you used during registration. Go to your Sporcle Settings to finish the process.

Report this User

Report this user for behavior that violates our Community Guidelines.

Details: